000 00895nam a2200277 i 4500
001 000029829
003 DO-SdBNP
005 20231219123755.0
007 ta
008 110426s1987 dr 000 0 spa d
040 _aDO-SdBNP
_bspa
_cBNPHU
_erda
082 _bK64s
_222
100 1 _aKleinekathoefer, Michael
_956585
_eautor
245 1 3 _aEl sector informal integración o transformación :
_bconsideraciones en torno a una nueva política de fomento /
_cMichael Kleinekathoefer.
264 _aSanto Domingo :
_bTaller,
_c1987
300 _a37 paginas;
_c23 cm.
336 _2rdacontent
_atexto
_btxt
337 _2rdamedia
_asin mediación
_bn
338 _2rdacarrier
_avolumen
_bnc
490 1 _aEstudios económico-sociales
504 _aBibliografías p. 39
590 _aInventariado, 2023 / DG
830 0 _aEstudios económico-sociales
_97893
910 _aDG
942 _2ddc
_cLF2
999 _c29321
_d29321